[Event "European Blitz-ch 2018"]
[Site "Skopje"]
[Date "2018.12.07"]
[Round "20"]
[White "Zlatanovic, Boroljub"]
[Black "Blohberger, Felix"]
[Result "1-0"]
[WhiteElo "2376"]
[BlackElo "2447"]
[Annotator "TA"]
[PlyCount "119"]
[EventDate "2018.12.06"]
[EventType "swiss"]
[EventCountry "MKD"]

1. Nc3 d5 2. e4 dxe4 3. Nxe4 Nf6 4. Nxf6+ exf6 5. Bc4 Bd6 6. Qe2+ Qe7 7. Qxe7+ Kxe7 8. d4 Nd7 9. Ne2 Nb6 10. Bd3 Be6 11. b3 a5 12. a4 Bb4+ 13. Bd2 Bxd2+ 14. Kxd2 Rad8 15. Rae1 g6 16. c4 c6 17. Kc3 f5 18. Nf4 Kf6 19. Re3 Rhe8 20. Rhe1 Bd7 21. Rxe8 Bxe8 22. Bc2 Bd7 23. Nd3 Bc8 24. Nc5 Nd7 25. Nxd7+ Bxd7 26. b4 axb4+ 27. Kxb4 Be6 28. Kc3 g5 29. Rb1 Rd7 30. a5 h5 31. Rb6 Rc7 32. Ba4 Bd7 33. d5 Ke5 34. dxc6 bxc6 35. a6 Bc8 36. Bxc6 Be6 37. Bb5 Bc8 38. Kb4 h4 39. Bc6 Be6 40. Bd5 Bxd5 41. cxd5 Kxd5 42. Rb5+ Ke4 43. Ra5 Ra7 44. Kb5 g4 45. Ra3 f4 46. f3+ gxf3 47. gxf3+ Kd4 48. Kb6 Ra8 49. a7 Kc4 50. Ra4+ Kd3 51. Rxf4 Rf8 52. Kb7 Ke3 53. Rf6 Kf2 54. a8=Q Rxa8 55. Kxa8 Kg2 56. Rxf7 Kxh2 57. Rg7 h3 58. f4 Kh1 59. f5 h2 60. Rh7 1-0

[Event "European Blitz-ch 2018"]
[Site "Skopje"]
[Date "2018.12.07"]
[Round "20"]
[White "Timerkhanov, Alexander"]
[Black "Pancevski, Filip"]
[Result "0-1"]
[WhiteElo "2366"]
[BlackElo "2495"]
[Annotator "RC"]
[PlyCount "96"]
[EventDate "2018.12.06"]
[EventType "swiss"]
[EventCountry "MKD"]

1. d4 d5 2. c4 dxc4 3. e3 Nf6 4. Bxc4 a6 5. Nf3 e6 6. O-O Nbd7 7. a4 b6 8. b3 Bb7 9. Bb2 Be7 10. Nbd2 O-O 11. Qe2 c5 12. Rfd1 Qc7 13. Rac1 Qb8 14. e4 cxd4 15. Bxd4 Ba3 16. Rc2 Bc5 17. Rdc1 Qf4 18. Bd3 Bxd4 19. Nxd4 Nc5 20. e5 Qxd4 21. Rxc5 bxc5 22. exf6 Rfd8 23. Be4 Qxd2 24. Qxd2 Rxd2 25. Bxb7 Rad8 26. Bf3 gxf6 27. h4 Rb8 28. Rxc5 Rxb3 29. Rc6 a5 30. Rc5 Rb1+ 31. Kh2 Rxf2 32. Rxa5 Rb4 33. h5 Kg7 34. Ra8 Ra2 35. Bc6 Rc4 36. Bb5 Rc5 37. Rd8 Rxh5+ 38. Kg3 Rg5+ 39. Kf3 Rgxg2 40. Rd4 f5 41. Be8 Raf2+ 42. Ke3 Re2+ 43. Kf3 Rgf2+ 44. Kg3 Rg2+ 45. Kf3 Rd2 46. Rb4 Rb2 47. Rc4 Rgc2 48. Rd4 e5 0-1

[Event "European Blitz-ch 2018"]
[Site "Skopje"]
[Date "2018.12.07"]
[Round "20"]
[White "Putka, Verners"]
[Black "Ozen, Bahadir"]
[Result "1-0"]
[WhiteElo "2307"]
[BlackElo "2349"]
[PlyCount "135"]
[EventDate "2018.12.06"]
[EventType "swiss"]
[EventCountry "MKD"]

1. d4 d5 2. Nf3 Nf6 3. g3 Bf5 4. Bg2 e6 5. O-O h6 6. c4 c6 7. Nc3 Be7 8. Nd2 O-O 9. e4 dxe4 10. Ndxe4 Nxe4 11. Nxe4 Nd7 12. Be3 Nf6 13. Nc3 Qc7 14. Rc1 Rfd8 15. Qe2 Rac8 16. Rfd1 Bg4 17. f3 Bf5 18. Bf2 a6 19. a3 Qb8 20. d5 cxd5 21. cxd5 Rd6 22. g4 Bg6 23. Bg3 Qa7+ 24. Kh1 Rb6 25. d6 Bd8 26. Bf2 Qb8 27. Bxb6 Bxb6 28. b4 Rd8 29. Qd2 e5 30. Na4 Bd4 31. g5 hxg5 32. Qxg5 Qxd6 33. Nc5 Qb6 34. Qh4 Nd5 35. Na4 Qd6 36. Nc5 Rb8 37. Ne4 Bxe4 38. Qxe4 g6 39. Rc4 Nf6 40. Qh4 Nh5 41. Qg5 Kg7 42. Rdc1 Qe6 43. Rc7 Nf6 44. f4 exf4 45. Qxf4 Be3 46. Qc4 Qe5 47. Qxf7+ Kh6 48. Re7 Qg5 49. Rf1 Bd4 50. Qg7+ Kh5 51. Re6 Rg8 52. Qf7 Rh8 53. Rexf6 Bxf6 54. Qxf6 Qxf6 55. Rxf6 Rd8 56. Bf3+ Kg5 57. Rf7 Rd3 58. Kg2 Rxa3 59. Rxb7 a5 60. Rb5+ Kf4 61. Bc6 Ra2+ 62. Kg1 a4 63. Ra5 a3 64. b5 Ke3 65. b6 Ra1+ 66. Kg2 a2 67. b7 Rb1 68. Rxa2 1-0

[Event "European Blitz-ch 2018"]
[Site "Skopje"]
[Date "2018.12.07"]
[Round "20"]
[White "Bartel, Michal"]
[Black "Kuljasevic, Davorin"]
[Result "0-1"]
[WhiteElo "2306"]
[BlackElo "2556"]
[Annotator "TA"]
[PlyCount "50"]
[EventDate "2018.12.06"]
[EventType "swiss"]
[EventCountry "MKD"]

1. e4 e5 2. Nc3 Nf6 3. g3 d5 4. exd5 Nxd5 5. Bg2 Nxc3 6. bxc3 Nc6 7. Ne2 Bc5 8. Rb1 O-O 9. O-O Bb6 10. d3 Bg4 11. h3 Be6 12. c4 Qd7 13. Kh2 f5 14. f4 Kh8 15. Ba3 Rfe8 16. c5 Ba5 17. Rxb7 Bd5 18. c4 Bxg2 19. Kxg2 Rad8 20. Rb3 e4 21. Nc1 Nd4 22. dxe4 fxe4 23. Bb2 Nxb3 24. Nxb3 Qxd1 25. Rxd1 Rxd1 0-1

[Event "European Blitz-ch 2018"]
[Site "Skopje"]
[Date "2018.12.07"]
[Round "20"]
[White "Robulj, Nenad"]
[Black "Jankovic, Alojzije"]
[Result "1-0"]
[WhiteElo "2286"]
[BlackElo "2557"]
[Annotator "TA"]
[PlyCount "76"]
[EventDate "2018.12.06"]
[EventType "swiss"]
[EventCountry "MKD"]

1. e4 c5 2. Nf3 Nc6 3. c3 Nf6 4. d3 g6 5. Be2 Bg7 6. O-O d6 7. Nbd2 O-O 8. Re1 b5 9. a4 b4 10. Nf1 Bg4 11. Ng3 Nd7 12. Bd2 Rb8 13. h3 Bxf3 14. Bxf3 bxc3 15. bxc3 Rb2 16. Qc1 Qb6 17. Bh6 f6 18. Bxg7 Kxg7 19. h4 Rb8 20. h5 Na5 21. Bd1 Rb1 22. Rxb1 Qxb1 23. Qe3 Qb2 24. hxg6 hxg6 25. d4 cxd4 26. cxd4 Nc4 27. Qf3 Qd2 28. Rf1 Qxd4 29. Qg4 Ne3 30. fxe3 Qxe3+ 31. Rf2 Qe1+ 32. Nf1 Nc5 33. Bc2 Qc3 34. e5 Nd3 35. exf6+ exf6 36. Qd7+ Kh6 37. Qh3+ Kg7 38. Bxd3 Qd4 1-0

[Event "European Blitz-ch 2018"]
[Site "Skopje"]
[Date "2018.12.07"]
[Round "21"]
[White "Navara, David"]
[Black "Saric, Ivan"]
[Result "1-0"]
[WhiteElo "2736"]
[BlackElo "2695"]
[Annotator "TA"]
[PlyCount "79"]
[EventDate "2018.12.06"]
[EventType "swiss"]
[EventCountry "MKD"]

1. e4 g6 2. d4 Bg7 3. Nc3 d6 4. Be3 c6 5. Qd2 Nd7 6. Bd3 Ngf6 7. f3 b5 8. Bh6 Bxh6 9. Qxh6 Qa5 10. Nge2 b4 11. Nd1 b3+ 12. Ndc3 bxc2 13. Rc1 c5 14. d5 Ne5 15. Bb5+ Bd7 16. Bxd7+ Kxd7 17. O-O Rhg8 18. Qh3+ Ke8 19. f4 Ned7 20. Rxc2 g5 21. fxg5 Rxg5 22. Ng3 c4 23. Nf5 Rb8 24. Kh1 h5 25. Qe3 Rg6 26. Ne2 Qc5 27. Ned4 Ne5 28. h3 Kd7 29. b3 e6 30. Nh4 Rbg8 31. Nxg6 Rxg6 32. bxc4 h4 33. Rb1 Nh5 34. Rb7+ Kc8 35. Rcb2 Ng3+ 36. Kg1 Nd7 37. R7b5 Qc7 38. Nc6 Nb6 39. Nxa7+ Qxa7 40. Rxb6 1-0

[Event "European Blitz-ch 2018"]
[Site "Skopje"]
[Date "2018.12.07"]
[Round "21"]
[White "Cheparinov, Ivan"]
[Black "Artemiev, Vladislav"]
[Result "0-1"]
[WhiteElo "2709"]
[BlackElo "2709"]
[Annotator "TA"]
[PlyCount "108"]
[EventDate "2018.12.06"]
[EventType "swiss"]
[EventCountry "MKD"]

1. d4 Nf6 2. c4 g6 3. Nf3 Bg7 4. g3 c6 5. Bg2 d5 6. O-O O-O 7. Qb3 a5 8. cxd5 a4 9. Qd1 cxd5 10. Nc3 Ne4 11. Nxa4 Qa5 12. Nc3 Nxc3 13. bxc3 Qxc3 14. Bd2 Qa3 15. Qb3 Nc6 16. Bc3 Bf5 17. Bb2 Qxb3 18. axb3 Bc2 19. b4 Nxb4 20. Ne5 Be4 21. Rfc1 Bxg2 22. Kxg2 Bxe5 23. dxe5 Rxa1 24. Rxa1 Nc6 25. e3 Rb8 26. Rc1 Kf8 27. Rc5 Rd8 28. Rb5 Rd7 29. f4 Ke8 30. Kf3 Kd8 31. Ba3 d4 32. Ke2 Kc8 33. Bc5 dxe3 34. Bxe3 Rd4 35. h4 h5 36. e6 f5 37. g4 hxg4 38. h5 Re4 39. hxg6 Rxe6 40. g7 Rg6 41. Rxf5 Rxg7 42. Rg5 Rxg5 43. fxg5 Kd7 44. Kf2 Ke6 45. Kg3 Kf5 46. Kh4 Ne5 47. Kg3 Ng6 48. Bd2 e5 49. Be3 b5 50. Bd2 Nf4 51. Kh4 Ng6+ 52. Kg3 e4 53. Kf2 Ne5 54. Kg3 Nf3 0-1

[Event "European Blitz-ch 2018"]
[Site "Skopje"]
[Date "2018.12.07"]
[Round "21"]
[White "Ragger, Markus"]
[Black "Stojanovski, Dejan"]
[Result "1/2-1/2"]
[WhiteElo "2687"]
[BlackElo "2430"]
[Annotator "TA"]
[PlyCount "136"]
[EventDate "2018.12.06"]
[EventType "swiss"]
[EventCountry "MKD"]

1. e4 c5 2. Nf3 Nc6 3. d4 cxd4 4. Nxd4 g6 5. c4 Nf6 6. Nc3 d6 7. Be2 Bg7 8. Be3 O-O 9. O-O Bd7 10. Nc2 Be6 11. Qd2 a5 12. f3 a4 13. Na3 Qa5 14. Rfc1 Rfc8 15. Rab1 Ne5 16. Nd5 Qxd2 17. Bxd2 Nxd5 18. cxd5 Bd7 19. Kf1 f5 20. Rxc8+ Rxc8 21. Rc1 Rxc1+ 22. Bxc1 fxe4 23. fxe4 e6 24. Nb5 exd5 25. exd5 Bf8 26. Nd4 Be7 27. Ke1 Kf7 28. Kd1 Bf6 29. Nb5 Ke7 30. b3 axb3 31. axb3 Nf7 32. Ba3 Be5 33. h3 Ng5 34. Kd2 Ne4+ 35. Ke3 Nf6 36. Bc4 Bxb5 37. Bxb5 Nxd5+ 38. Kf3 Nf6 39. Bd3 Kd7 40. h4 Ke6 41. g4 Bd4 42. h5 g5 43. h6 Ng8 44. Bc1 Nxh6 45. Bxg5 Nf7 46. Bf5+ Kd5 47. Be4+ Kc5 48. Bd2 Ne5+ 49. Kg3 Ng6 50. Bxb7 d5 51. Ba6 Be5+ 52. Kf3 Nh4+ 53. Ke2 Ng6 54. b4+ Kd4 55. b5 Nf4+ 56. Kf3 Ne6 57. Be3+ Kc3 58. b6 d4 59. Ke4 Nc5+ 60. Kxe5 dxe3 61. Be2 Kd2 62. Bb5 e2 63. Bxe2 Kxe2 64. Kf6 Kf3 65. g5 Kf4 66. g6 hxg6 67. Kxg6 Ke5 68. b7 Nxb7 1/2-1/2

[Event "European Blitz-ch 2018"]
[Site "Skopje"]
[Date "2018.12.07"]
[Round "21"]
[White "Laznicka, Viktor"]
[Black "Pezelj, Novak"]
[Result "1-0"]
[WhiteElo "2675"]
[BlackElo "2475"]
[Annotator "TA"]
[PlyCount "79"]
[EventDate "2018.12.06"]
[EventType "swiss"]
[EventCountry "MKD"]

1. d4 d6 2. Nf3 f5 3. Bf4 Nf6 4. e3 g6 5. c4 Bg7 6. Nc3 O-O 7. h3 c6 8. Be2 Kh8 9. O-O Be6 10. Qc2 Nbd7 11. b4 Rc8 12. c5 Nh5 13. Bh2 Ndf6 14. Rad1 Bg8 15. Nd2 Qd7 16. Nc4 Bxc4 17. Bxc4 d5 18. Be2 Ne4 19. Na4 Rce8 20. Bxh5 gxh5 21. f3 Ng5 22. Nb2 Rg8 23. Kh1 Nf7 24. e4 fxe4 25. fxe4 Ng5 26. exd5 cxd5 27. Nd3 Ne4 28. Ne5 Bxe5 29. Bxe5+ Nf6 30. Rf5 Rg6 31. Rxh5 Kg8 32. Rf5 Ne4 33. Rdf1 Qb5 34. Qd1 e6 35. Rf7 Ng5 36. R7f6 Qxb4 37. Rxg6+ hxg6 38. Qg4 Qd2 39. Rf4 Qe1+ 40. Kh2 1-0

[Event "European Blitz-ch 2018"]
[Site "Skopje"]
[Date "2018.12.07"]
[Round "21"]
[White "Guseinov, Gadir"]
[Black "Ivanisevic, Ivan"]
[Result "1-0"]
[WhiteElo "2664"]
[BlackElo "2603"]
[Annotator "TA"]
[PlyCount "69"]
[EventDate "2018.12.06"]
[EventType "swiss"]
[EventCountry "MKD"]

1. e4 c5 2. Nc3 Nc6 3. Bb5 Nd4 4. Nf3 e6 5. O-O a6 6. Bd3 Nc6 7. a3 g5 8. b4 g4 9. Ne1 Nf6 10. Bb2 Rg8 11. b5 Ne5 12. Be2 d6 13. d4 cxd4 14. Qxd4 Be7 15. Rd1 Bd7 16. a4 Qc7 17. Kh1 Rg6 18. Rd2 Rh6 19. Kg1 Nh5 20. g3 Nf6 21. Rd1 Rg6 22. Ra1 h5 23. Ng2 h4 24. Nxh4 Rh6 25. Rad1 Rxh4 26. gxh4 Nh5 27. Qe3 Ng6 28. Bxg4 Nf6 29. Be2 Nxh4 30. Kh1 Ng6 31. f4 axb5 32. Bxb5 Bxb5 33. Nxb5 Qc4 34. Bxf6 Rxa4 35. Nxd6+ 1-0

[Event "European Blitz-ch 2018"]
[Site "Skopje"]
[Date "2018.12.07"]
[Round "21"]
[White "Fridman, Daniel"]
[Black "Dvirnyy, Danyyil"]
[Result "1-0"]
[WhiteElo "2633"]
[BlackElo "2485"]
[Annotator "TA"]
[PlyCount "85"]
[EventDate "2018.12.06"]
[EventType "swiss"]
[EventCountry "MKD"]

1. d4 Nf6 2. Nf3 g6 3. g3 Bg7 4. Bg2 O-O 5. O-O d6 6. c4 c6 7. Nc3 Bf5 8. Re1 Ne4 9. Qb3 Nxc3 10. Qxc3 Be4 11. Qe3 d5 12. b3 Nd7 13. Bb2 e6 14. Bf1 Bxf3 15. Qxf3 Qb6 16. e3 f5 17. Qf4 Rae8 18. Qf3 Nf6 19. Qe2 g5 20. f3 g4 21. Bg2 h5 22. Ba3 Rf7 23. Bd6 Qd8 24. c5 Bh6 25. b4 a6 26. a4 gxf3 27. Bxf3 Ng4 28. Ra3 Rg7 29. h3 Nf6 30. Bxh5 Nxh5 31. Qxh5 Kh7 32. Kh2 Reg8 33. Be5 Rg6 34. Rf1 Qe7 35. Rf3 Rg5 36. Qh4 Qf7 37. g4 Qg6 38. Ra2 fxg4 39. hxg4 Rxg4 40. Qe7+ Rg7 41. Bxg7 Bxg7 42. Rh3+ Kg8 43. Rf2 1-0

[Event "European Blitz-ch 2018"]
[Site "Skopje"]
[Date "2018.12.07"]
[Round "21"]
[White "Lagarde, Maxime"]
[Black "Sanal, Vahap"]
[Result "1-0"]
[WhiteElo "2616"]
[BlackElo "2490"]
[Annotator "TA"]
[PlyCount "79"]
[EventDate "2018.12.06"]
[EventType "swiss"]
[EventCountry "MKD"]

1. e4 e5 2. Bc4 Nf6 3. d3 Nc6 4. Nf3 Bc5 5. Nc3 h6 6. a3 a6 7. O-O d6 8. b4 Ba7 9. Be3 O-O 10. h3 Nd4 11. Bxd4 exd4 12. Nd5 c6 13. Nf4 d5 14. exd5 cxd5 15. Bb3 a5 16. Qd2 Qd6 17. Rae1 a4 18. Ba2 Bd7 19. Re5 Bc6 20. Rfe1 b5 21. Ne2 Nd7 22. Rh5 Qg6 23. Nf4 Qd6 24. Bxd5 Nf6 25. Bxc6 Nxh5 26. Bxa8 Nxf4 27. Be4 Bb8 28. g3 Nxh3+ 29. Kg2 f5 30. Bb7 f4 31. g4 h5 32. g5 Qd7 33. Be4 Qg4+ 34. Kf1 Nxg5 35. Bd5+ Kh8 36. Qe2 Qh3+ 37. Kg1 Qg4+ 38. Kh1 Nh3 39. Ne5 Qxe2 40. Ng6+ 1-0

[Event "European Blitz-ch 2018"]
[Site "Skopje"]
[Date "2018.12.07"]
[Round "21"]
[White "Banikas, Hristos"]
[Black "Kalezic, Blazo"]
[Result "1-0"]
[WhiteElo "2601"]
[BlackElo "2460"]
[Annotator "TA"]
[PlyCount "75"]
[EventDate "2018.12.06"]
[EventType "swiss"]
[EventCountry "MKD"]

1. d4 c5 2. d5 e5 3. e4 d6 4. Nc3 Be7 5. Nf3 Nf6 6. g3 O-O 7. a4 b6 8. Nd2 a6 9. Bg2 Nbd7 10. O-O Rb8 11. Nc4 Ne8 12. Qe2 Bf6 13. Bd2 b5 14. axb5 axb5 15. Na5 Qb6 16. Nc6 Rb7 17. Ra5 b4 18. Nb5 Nb8 19. Nba7 Nxc6 20. Nxc6 Bd7 21. Ra6 Qc7 22. Rfa1 Bxc6 23. dxc6 Rb6 24. Rxb6 Qxb6 25. Qa6 Qd8 26. Qb7 Nc7 27. Bh3 d5 28. exd5 Qxd5 29. Be3 Qd6 30. Bg4 Bd8 31. Rd1 Qe7 32. Rd7 Qf6 33. Rxc7 Bxc7 34. Qxc7 e4 35. Bxc5 Ra8 36. Qb7 Ra1+ 37. Kg2 h5 38. c7 1-0

[Event "European Blitz-ch 2018"]
[Site "Skopje"]
[Date "2018.12.07"]
[Round "21"]
[White "Bartel, Mateusz"]
[Black "Belyakov, Bogdan"]
[Result "1/2-1/2"]
[WhiteElo "2600"]
[BlackElo "2459"]
[Annotator "TA"]
[PlyCount "96"]
[EventDate "2018.12.06"]
[EventType "swiss"]
[EventCountry "MKD"]

1. e4 c5 2. Ne2 Nf6 3. Nbc3 d5 4. exd5 Nxd5 5. g3 Bg4 6. Bg2 Nxc3 7. bxc3 Nc6 8. h3 Bd7 9. Rb1 b6 10. c4 Rc8 11. Bb2 Na5 12. d3 Bc6 13. O-O Bxg2 14. Kxg2 Nc6 15. Qd2 Qd7 16. Rbe1 e6 17. Nf4 Nd4 18. Nd5 Be7 19. Bxd4 cxd4 20. Nxe7 Qxe7 21. Re4 Rd8 22. a4 O-O 23. a5 Qc5 24. axb6 axb6 25. Rb1 Qc6 26. Kg1 Rd6 27. Re5 h6 28. Reb5 Ra8 29. Qb4 Ra2 30. Qb3 Ra6 31. Qb4 Ra2 32. c5 bxc5 33. Rxc5 Qd7 34. Qb8+ Kh7 35. Rc8 e5 36. Kg2 Qe6 37. Kh2 Qf6 38. Kg1 Rda6 39. Rh8+ Kg6 40. Qg8 Ra1 41. Qh7+ Kh5 42. Rxa1 Rxa1+ 43. Kg2 Qg6 44. Qxg6+ Kxg6 45. Rc8 Ra2 46. Kf3 f5 47. Rc6+ Kf7 48. g4 g6 1/2-1/2

[Event "European Blitz-ch 2018"]
[Site "Skopje"]
[Date "2018.12.07"]
[Round "21"]
[White "Bosiocic, Marin"]
[Black "Pancevski, Filip"]
[Result "0-1"]
[WhiteElo "2599"]
[BlackElo "2495"]
[Annotator "TA"]
[PlyCount "200"]
[EventDate "2018.12.06"]
[EventType "swiss"]
[EventCountry "MKD"]

1. e4 g6 2. d4 Bg7 3. Nf3 d6 4. Bc4 Nf6 5. Qe2 O-O 6. O-O Nc6 7. e5 Ne8 8. h3 dxe5 9. dxe5 Nd4 10. Nxd4 Qxd4 11. Re1 c6 12. Nd2 Nc7 13. Nf3 Qb6 14. Bb3 Be6 15. Be3 Qa5 16. Bg5 Rfe8 17. Nd4 Bxb3 18. axb3 Qb6 19. Be3 Nd5 20. Nf3 Nxe3 21. Qxe3 Qxe3 22. Rxe3 Red8 23. Kf1 Bh6 24. Re4 a6 25. Ke2 Rd5 26. Rd1 Rad8 27. Rxd5 Rxd5 28. Rb4 Rd7 29. h4 Bc1 30. h5 Bxb2 31. hxg6 hxg6 32. e6 fxe6 33. Rg4 Kf7 34. Ng5+ Kf6 35. Ne4+ Kf5 36. f3 Bc1 37. Rh4 g5 38. Rh8 Kg6 39. Rg8+ Kf7 40. Ra8 Kg6 41. Rg8+ Kf7 42. Ra8 Kg6 43. g3 Kf5 44. Rf8+ Ke5 45. Rg8 Kd4 46. Rg6 Ke5 47. Rg8 Kd4 48. Rg6 Ke5 49. Rg8 Kd4 50. Rg6 Ke5 51. Rg8 Kd4 52. Rg7 a5 53. Rg8 c5 54. g4 c4 55. Rc8 cxb3 56. cxb3 Bf4 57. Rc4+ Ke5 58. Rc5+ Rd5 59. Rc3 Rb5 60. Rd3 Rd5 61. Rc3 Rb5 62. Rd3 b6 63. Rc3 Kd5 64. Rd3+ Kc6 65. Rc3+ Kd7 66. Rd3+ Ke8 67. Rc3 Kd7 68. Rd3+ Rd5 69. Rc3 Bd6 70. Rc4 b5 71. Rc2 a4 72. bxa4 bxa4 73. Ra2 a3 74. Nxd6 exd6 75. Rxa3 Ke7 76. Ke3 Kf6 77. Ra6 Ke5 78. Ra8 Rb5 79. Rg8 Rb3+ 80. Kf2 Kf6 81. Rf8+ Kg7 82. Rd8 d5 83. Re8 Kf7 84. Rd8 Kf6 85. Kg3 Rd3 86. Rd7 e5 87. Rd6+ Ke7 88. Rg6 e4 89. Rxg5 Rxf3+ 90. Kg2 Ke6 91. Rg8 Ke5 92. g5 Kd4 93. g6 Rf5 94. g7 Rg5+ 95. Kf2 Rg6 96. Ke2 Rg2+ 97. Kf1 Rg5 98. Ke2 e3 99. Kf3 Rg6 100. Ke2 Rg3 0-1

[Event "European Blitz-ch 2018"]
[Site "Skopje"]
[Date "2018.12.07"]
[Round "21"]
[White "Perunovic, Milos"]
[Black "Santos Ruiz, Miguel"]
[Result "1-0"]
[WhiteElo "2597"]
[BlackElo "2523"]
[Annotator "TA"]
[PlyCount "91"]
[EventDate "2018.12.06"]
[EventType "swiss"]
[EventCountry "MKD"]

1. e4 c5 2. Nc3 d6 3. f4 g6 4. Nf3 Bg7 5. Bb5+ Bd7 6. Bc4 Nc6 7. d3 Na5 8. Bd2 Nxc4 9. dxc4 Nf6 10. Qe2 O-O 11. O-O-O a6 12. e5 Ne8 13. h4 Bg4 14. h5 dxe5 15. hxg6 fxg6 16. fxe5 Qd7 17. Bh6 Qf5 18. Nd5 Bxf3 19. gxf3 Bxh6+ 20. Rxh6 Qg5+ 21. Qd2 Qxd2+ 22. Rxd2 Rxf3 23. Nxe7+ Kg7 24. Rdh2 Rf1+ 25. Kd2 Rf2+ 26. Rxf2 Kxh6 27. Rf7 Ng7 28. Nd5 Re8 29. Nf6 Rd8+ 30. Ke2 Ne6 31. Rxh7+ Kg5 32. Rxb7 Kf5 33. Nd5 Kxe5 34. Re7 Kf5 35. c3 Rh8 36. b4 Rh2+ 37. Kd3 Rxa2 38. b5 Ke5 39. b6 Kd6 40. b7 Rb2 41. Nb4 cxb4 42. Rxe6+ Kc7 43. Rb6 Kb8 44. cxb4 a5 45. bxa5 Ra2 46. a6 1-0

[Event "European Blitz-ch 2018"]
[Site "Skopje"]
[Date "2018.12.07"]
[Round "21"]
[White "Esipenko, Andrey"]
[Black "Van Foreest, Jorden"]
[Result "1/2-1/2"]
[WhiteElo "2593"]
[BlackElo "2614"]
[Annotator "TA"]
[PlyCount "116"]
[EventDate "2018.12.06"]
[EventType "swiss"]
[EventCountry "MKD"]

1. d4 d5 2. Nf3 Nf6 3. Bf4 c5 4. e3 Nc6 5. c3 e6 6. Nbd2 Be7 7. h3 Bd6 8. dxc5 Bxc5 9. Bd3 O-O 10. O-O Qe7 11. Ne5 Bd6 12. Ndf3 Qc7 13. Nxc6 bxc6 14. Bxd6 Qxd6 15. Qe2 Rb8 16. Rad1 Qe7 17. Ne5 Qc7 18. f4 Nd7 19. Nxd7 Bxd7 20. c4 Rfe8 21. Qf2 h6 22. e4 Qb6 23. Rd2 Red8 24. cxd5 cxd5 25. exd5 exd5 26. Qxb6 Rxb6 27. Rc1 Rb4 28. Rc7 a5 29. Rc5 Ra8 30. f5 Rd4 31. Kf2 Bxf5 32. Ke3 Rxd3+ 33. Rxd3 Bxd3 34. Kxd3 a4 35. Rxd5 Rb8 36. Kc2 Rc8+ 37. Kb1 Rc4 38. b3 Rf4 39. bxa4 Rxa4 40. Kb2 Kf8 41. Kb3 Rf4 42. a4 Rf1 43. a5 Ra1 44. Kb4 Ke7 45. Kb5 Ke6 46. Rd2 f5 47. Rb2 Kd6 48. Kb6 Ke5 49. a6 Kf4 50. Rb3 g5 51. Kb5 h5 52. Rf3+ Ke4 53. Kb6 f4 54. Rb3 g4 55. hxg4 hxg4 56. a7 f3 57. gxf3+ gxf3 58. Rxf3 Kxf3 1/2-1/2

[Event "European Blitz-ch 2018"]
[Site "Skopje"]
[Date "2018.12.07"]
[Round "21"]
[White "Stevic, Hrvoje"]
[Black "Dimitrov, Radoslav"]
[Result "1-0"]
[WhiteElo "2587"]
[BlackElo "2534"]
[Annotator "TA"]
[PlyCount "99"]
[EventDate "2018.12.06"]
[EventType "swiss"]
[EventCountry "MKD"]

1. e4 Nf6 2. e5 Nd5 3. d4 d6 4. Nf3 g6 5. Bc4 Nb6 6. Bb3 Bg7 7. O-O Nc6 8. exd6 cxd6 9. c3 O-O 10. Re1 e5 11. dxe5 dxe5 12. Qxd8 Rxd8 13. Ng5 Rf8 14. Ne4 Na5 15. Bg5 Nxb3 16. axb3 f6 17. Be3 Bf5 18. Nd6 Nd5 19. Nxb7 Rfb8 20. Na5 Bf8 21. b4 Rc8 22. Nd2 Kf7 23. Ndb3 Be6 24. Bc5 Bh6 25. Nb7 Rc7 26. Nd6+ Kg8 27. Nd4 Bd7 28. N4b5 Bxb5 29. Nxb5 Rb7 30. Rxa7 Rbxa7 31. Nxa7 Bf8 32. Nc6 Ra2 33. Rb1 Nf4 34. Bxf8 Kxf8 35. b5 Nd5 36. c4 Nb6 37. c5 Na4 38. b4 Nc3 39. b6 Nxb1 40. b7 Nd2 41. b8=Q+ Kg7 42. g3 e4 43. Qc7+ Kh6 44. Qf4+ Kg7 45. Nd4 Rb2 46. c6 g5 47. Qxd2 Rxd2 48. c7 Rd1+ 49. Kg2 Rc1 50. Ne6+ 1-0

[Event "European Blitz-ch 2018"]
[Site "Skopje"]
[Date "2018.12.07"]
[Round "21"]
[White "Saric, Ante"]
[Black "Arsovic, Goran"]
[Result "1/2-1/2"]
[WhiteElo "2533"]
[BlackElo "2380"]
[Annotator "TA"]
[PlyCount "111"]
[EventDate "2018.12.06"]
[EventType "swiss"]
[EventCountry "MKD"]

1. Nf3 Nf6 2. g3 g6 3. b3 Bg7 4. Bb2 O-O 5. Bg2 c5 6. c4 Nc6 7. O-O d6 8. d4 cxd4 9. Nxd4 Bd7 10. Nc3 Qa5 11. e3 Rac8 12. Rc1 a6 13. a3 Qb6 14. Rb1 Rfe8 15. Nde2 Qa5 16. Nf4 b5 17. b4 Qb6 18. Ncd5 Nxd5 19. Nxd5 Qb8 20. Bxg7 Kxg7 21. cxb5 axb5 22. Rb3 Ne5 23. Qa1 Kg8 24. h4 h5 25. Rc1 Rxc1+ 26. Qxc1 Be6 27. Rc3 Bxd5 28. Bxd5 e6 29. Bg2 Nc4 30. a4 d5 31. axb5 Qxb5 32. e4 Qxb4 33. exd5 exd5 34. Bxd5 Nd6 35. Kg2 Qd4 36. Bf3 Nf5 37. Rc7 Qd6 38. Qc4 Qf6 39. Rc6 Re6 40. Rc8+ Kh7 41. Bd5 Nd6 42. Bxe6 Nxc4 43. Bxc4 Qe7 44. Bd5 Qd7 45. Rc5 Qd6 46. Rb5 Kg7 47. Bf3 Qd4 48. Rd5 Qc4 49. Rd7 Qe6 50. Rb7 Kf8 51. Rb8+ Ke7 52. Rb7+ Kd8 53. Ra7 Qc4 54. Rb7 Ke8 55. Ra7 Kf8 56. Rd7 1/2-1/2

[Event "European Blitz-ch 2018"]
[Site "Skopje"]
[Date "2018.12.07"]
[Round "21"]
[White "Lobanov, Sergei"]
[Black "Potapov, Pavel"]
[Result "0-1"]
[WhiteElo "2526"]
[BlackElo "2516"]
[Annotator "TA"]
[PlyCount "114"]
[EventDate "2018.12.06"]
[EventType "swiss"]
[EventCountry "MKD"]

1. e4 c5 2. Nf3 Nc6 3. d4 cxd4 4. Nxd4 e5 5. Nb5 d6 6. c4 Be7 7. N1c3 a6 8. Na3 f5 9. exf5 Bxf5 10. Bd3 Be6 11. O-O Nf6 12. Nc2 O-O 13. b3 Qd7 14. Bb2 Bd8 15. Qd2 Bb6 16. Kh1 Rad8 17. Rad1 Kh8 18. Ne4 Nxe4 19. Bxe4 Qf7 20. Ne3 Nd4 21. Nd5 Ba7 22. Qd3 Qh5 23. f4 Bg4 24. Rde1 Be2 25. Qd2 Bxf1 26. Rxf1 Qe2 27. Qxe2 Nxe2 28. g3 Bd4 29. Ba3 exf4 30. gxf4 Be5 31. Re1 Nxf4 32. Nxf4 Rxf4 33. Re2 b5 34. Kg2 bxc4 35. bxc4 Rdf8 36. h3 Bd4 37. Bxd6 Rf2+ 38. Rxf2 Rxf2+ 39. Kg3 Rxa2 40. c5 Ra3+ 41. Kf4 Rxh3 42. Bf3 Rh6 43. Ke4 Bf2 44. Kd5 a5 45. c6 Rxd6+ 46. Kxd6 Bg3+ 47. Kd7 a4 48. Bd5 h5 49. Ke6 Kh7 50. Kf5 Kh6 51. Bc4 a3 52. Bb3 Bc7 53. Ba2 g6+ 54. Ke4 Kg5 55. Kf3 Kf6 56. Ke4 g5 57. Kf3 g4+ 0-1

[Event "European Blitz-ch 2018"]
[Site "Skopje"]
[Date "2018.12.07"]
[Round "21"]
[White "Demidov, Mikhail"]
[Black "Mamedov, Rauf"]
[Result "1-0"]
[WhiteElo "2520"]
[BlackElo "2703"]
[Annotator "TA"]
[PlyCount "72"]
[EventDate "2018.12.06"]
[EventType "swiss"]
[EventCountry "MKD"]

1. d4 d6 2. Nf3 g6 3. g3 Bg7 4. Bg2 Nd7 5. O-O e5 6. dxe5 dxe5 7. Nc3 Ngf6 8. e4 O-O 9. b3 b6 10. a4 Bb7 11. Qe2 Nc5 12. Rd1 Qc8 13. Nd2 Ne6 14. Nd5 Nxd5 15. exd5 Nd4 16. Qd3 c6 17. dxc6 Bxc6 18. c3 Bxg2 19. Kxg2 Qc6+ 20. Kg1 Ne6 21. Qc4 Qb7 22. Qe4 Qc8 23. Nc4 Nc5 24. Qc2 e4 25. Ba3 Qg4 26. Bxc5 bxc5 27. Re1 f5 28. Rad1 Rad8 29. b4 Qf3 30. Ne3 f4 31. Rxd8 Rxd8 32. Nf1 Bxc3 33. Rxe4 fxg3 34. hxg3 cxb4 35. Qb3+ Qf7 36. Qc2 Rd2 1-0

[Event "European Blitz-ch 2018"]
[Site "Skopje"]
[Date "2018.12.07"]
[Round "21"]
[White "Rusev, Krasimir"]
[Black "Dragnev, Valentin"]
[Result "0-1"]
[WhiteElo "2520"]
[BlackElo "2483"]
[Annotator "TA"]
[PlyCount "60"]
[EventDate "2018.12.06"]
[EventType "swiss"]
[EventCountry "MKD"]

1. d4 Nf6 2. Bg5 d5 3. e3 c5 4. c3 Nc6 5. Nd2 cxd4 6. exd4 h6 7. Bf4 Bf5 8. Qb3 Qd7 9. Ngf3 a6 10. Be2 e6 11. Ne5 Nxe5 12. Bxe5 Be7 13. a4 O-O 14. O-O Ne4 15. Nf3 f6 16. Bg3 g5 17. Rad1 h5 18. h4 g4 19. Nd2 Nxg3 20. fxg3 Bd6 21. Rxf5 exf5 22. Qxd5+ Kg7 23. Rf1 Rad8 24. Qxf5 Qxf5 25. Rxf5 Rde8 26. Kf1 Bxg3 27. Rxh5 Re7 28. Nc4 Rfe8 29. Nd6 Bxd6 30. Bxg4 Bg3 0-1